000 00316 a2200157 4500
001 170259
020 _a
040 _cMagnum
100 _aBelinky, Tatiana
240 1 0 _aO urso e as rosas
_lpor
245 1 0 _aO urso e as rosas
362 0 _a1899
440 1 _aDimensão
697 _aIJ/ANIMAIS
942 _cBK
999 _c170259
_d170259